1571 1741 1306 1241 1910 1223 1590 1663 1457 1890 1047 1722 1095 1526 1828 1729 1647 2000 1331 1542 1852 1402 1605 1097 1641 1950 1943 1695 1460 1630 1709 1686 1829 1309 1928 1401 1616 1221 1869 1284 1305 1197 1905 1286 1112 1652 1274 1176 1023 1263 1337 1730 1469 1174 1269 1848 1692 1823 1937 1960 1024 1870 1950 1403 1532 1925 1332 1822 1606 1139 1455 1450 1031 1743 1382 1016 1314 1707 1933 1237 1777 1333 1816 1909 1152 1296 1034 1754 1020 1034 1198 1810 1938 1776 1627 1334 1174 1511 1824 BCNSPRNW ULIB Ver.6.0+V

เปลี่ยนเป็นภาษาไทย

Change to English
 แสดงรายละเอียดบรรณานุกรม
  กลับหน้าหลัก

Brief Record : Get Marc (ISO 2709) : E-mail record : QR code < ปิดหน้าต่าง
LEADER : 00000nam 2200000uu 4500
001    13399111633
003     ULIB
008    110704s2552||||th 000 0 tha d
020    9789746520409 (ล.1)
060 04 WY100^bค336ก ล.1
100 1  คาร์เปนนิโต-โมเยท, ลินดา จูอัล
245 10 การวางแผนและบันทึกทางการพยาบาล เล่ม1=^bNursing care plans &documentation : Nursing diagnoses and collaborative problems /^cLynda Juall Carpenito-Moyet ; บรรณาธิการ, วรรณี ตปนียากร, งามนิตย์ รัตนานุกูล
246 31 Nursing care plans & documentation : Nursing diagnoses andcollaborative problems
250    พิมพ์ครั้งที่ 1
260    กรุงเทพฯ :^bไอกรุ๊ป เพรส,^c2552
300    636 หน้า ;^c26 ซม.
500    โครงการสวัสดิการวิชาการ สถาบันพระบรมราชชนก
650  7 ผู้ป่วย, การวางแผนดูแล
650  7 การพยาบาล, การจัดการ
650  7 บันทึกการพยาบาล
700 0  วรรณี ตปนียากร,^eบรรณาธิการ
700 0  งามนิตย์ รัตนานุกูล,^eบรรณาธิการ
700 12 Carpenito-Moyet, Lynda Juall.^tNursing care plans &documentation :^bNursing diagnoses and collaborative problems
710 2   สถาบันพระบรมราชชนก
945    ^p600^l0^i17915
945    ^p600^l0^i17916
945    ^p600^l0^i15764
945    ^p600^l0^i15473
945    ^p600^l0^i15763
995     เกษร
999    ^aใช้งานได้ทุกระบบ
รายการนี้ยังไม่มีแท็ก
คุณยังไม่ได้ล็อกอิน คุณสามารถมีกิจกรรมร่วมกับเว็บไซต์ได้ แต่ต้องล็อกอินก่อน ::
  ล็อกอิน

รายการสื่อสารสนเทศ

ลำดับที่ ประเภท เลขเรียก/บาร์โค้ด สถานที่ สถานะ
1. Book การพยาบาล
Book การพยาบาล
สถานะ=หนังสือเก่า
WY100 ค336ก ล.1 ฉ.4 
  Barcode: 17915
ห้องสมุดวิทยาเขตนครสวรรค์
►ส่วนจัดเก็บหนังสือเก่า นว.
บนชั้น
  ขอยืม

รายการใกล้เคียง
    ผู้แต่ง [คาร์เปนนิโต-โมเยท, ลินดา จูอัล]

    หัวเรื่อง [ผู้ป่วย, การวางแผนดูแล]
    หัวเรื่อง [การพยาบาล, การจัดการ]
    หัวเรื่อง [บันทึกการพยาบาล]

BibComment


ยังไม่เคยถูกคอมเมนท์

คอมเมนท์ทรัพยากรรายการนี้
  คอมเมนท์: การวางแผนและบันทึ..


 Copyright 2026. Bcnsprnw @Library